000 00622nam a2200253Ia 4500
005 20260306153613.0
008 008 260114s9999 xx 000 0 eng d
020 _a9781529218893
037 _aEBOOK
040 _aCRL
040 _beng
040 _cCRL
041 _2eng
041 _aeng
084 _qCRL
100 _aDoucet/van Melik/Filion
_91125838
245 0 _aVolume 1: Community and Society 1st ed
260 _bBristol University Press
260 _c2023
650 _aPolitical Science
856 _uhttps://doi.org/10.46692/9781529218893
942 _cEBOOK
999 _c1704138
_d1704138